Тест на общие знания №6 - Statistics

General Stats
  • This quiz has been taken 83 times
  • The average score is 7 of 20
Answer Stats
Вопрос Ответ % Correct
На каком языке говорят в Бразилии? португальский
79%
Кто даёт клятву Гиппократа? врачи
69%
На каком острове зародился термин "мафия"? Сицилия
59%
Высший титул иерархии православной церкви? патриарх
57%
Группу каких животных обычно называют словом "табун"? лошади
55%
Кто главный враг Хайнца Фуфелшмерца? Перри Утконос
50%
От чего умирает человек, чьё имя записано в Тетрадь смерти, если в течение 40 секунд не указать причину его смерти? сердечный приступ
48%
В каком фильме Леонардо ди Каприо расследует исчезновение сбежавшей пациентки психбольницы, и в результате узнаёт невероятное? "Остров проклятых"
47%
Кто сыграл роль Рокки в одноимённой серии фильмов? Сильвестр Сталлоне
36%
Что представляет собой температурное значение -273,15°C? "Абсолютный нуль"
34%
Какую форму имеет дорожный знак "стоп" в большинстве стран мира? восьмиугольник
28%
Главный ингредиент хумуса? нут
28%
Кто во время перехода через Альпы потерял слона? Ганнибал Барка
24%
Кто был пилотом "Сокола Тысячелетия"? Хан Соло
24%
Что привязывали к седлу опричники во времена Ивана Грозного? собачья голова
21%
Какую часть человеческого тела иногда называют "атлантом"? шейный отдел позвоночника
19%
Название какого животного на латинском звучит как "Ursus maritimus"? белый медведь
19%
Какое химическое вещество имеет формулу NH3? аммиак
17%
Какое направление греческой философии, по одной из версий, было названо в честь здания, где оно преподавалось? стоицизм
14%
Что измеряет шкала Рихтера? магнитуда землетрясений
5%
No matching quizzes found
Score Distribution
Percent of People with Each Score
Percentile by Number Answered
Your Score History
You have not taken this quiz